| 000 | 00699nam a2200229 4500 | ||
|---|---|---|---|
| 001 | 59095 | ||
| 003 | BD-RjUL | ||
| 005 | 20211209080707.0 | ||
| 008 | 161221r19992006N ||||| |||| 00| 0 eng d | ||
| 020 | _a9780826116079 | ||
| 035 | _a(BD-RjUL)59219 | ||
| 040 |
_beng _cBD-RjUL |
||
| 041 | _aeng | ||
| 082 |
_223 _a610.73072 _bHON 1999[2006] |
||
| 100 |
_aHott, Jacqueline Rose ; Budin, Wendy C. _9175746 |
||
| 245 | 0 | 1 |
_aNotter's essentials of nursing research/ _cJacqueline Rose Hott ; Wendy C. Budin. |
| 260 |
_aNew York, N.Y. : _bSpringer, _c ©1999. |
||
| 300 |
_axii, 212 p. : _billustrations; _c23cm. |
||
| 500 | _aIncludes index | ||
| 650 |
_aNursing--Research _9171699 |
||
| 942 |
_2ddc _cBK |
||
| 999 |
_c59095 _d59095 |
||